[Event "Istanbul op"]
[Site "Istanbul"]
[Date "2019.08.28"]
[Round "4"]
[White "Arat, Ufuk Sezen"]
[Black "Rahimli, Ilkin Alisaftar"]
[Result "1-0"]
[WhiteElo "2390"]
[BlackElo "1992"]
[PlyCount "133"]
[EventDate "2019.08.26"]
[EventType "swiss"]
[EventRounds "9"]
[EventCountry "TUR"]
[SourceTitle "EXT 2020"]
[Source "ChessBase"]
[SourceDate "2019.10.17"]
[SourceVersion "1"]
[SourceVersionDate "2019.10.17"]
[SourceQuality "1"]

1. e4 c5 2. Nc3 Nc6 3. g3 g6 4. d3 Bg7 5. Be3 d6 6. Qd2 Nf6 7. Bh6 0-0 8. Bg2 Nd4 9. Bxg7 Kxg7 10. Nd1 e5 11. c3 Ne6 12. Ne3 Nc7 13. h4 h5 14. Nd5 Ncxd5 15. exd5 Bf5 16. Ne2 e4 17. dxe4 Bxe4 18. 0-0 Bxg2 19. Kxg2 Qd7 20. Nf4 Rae8 21. Rfe1 Qf5 22. c4 Re4 23. b3 Rfe8 24. f3 R4e5 25. Nh3 Rxe1 26. Rxe1 Rxe1 27. Qxe1 Qc2+ 28. Qf2 Qd1 29. Qb2 b5 30. Ng5 Kg8 31. Nh3 Nd7 32. Nf2 Qe1 33. cxb5 Nb6 34. Ne4 Nxd5 35. Qf2 Ne3+ 36. Kh2 Ng4+ 37. fxg4 Qxe4 38. gxh5 gxh5 39. a4 Qd3 40. Qf4 Qe2+ 41. Kh3 Qe6+ 42. Kg2 Qe2+ 43. Qf2 Qe4+ 44. Qf3 Qe6 45. a5 c4 46. b6 axb6 47. a6 d5 48. bxc4 Qc8 49. a7 Qa6 50. cxd5 Qxa7 51. Qxh5 Qa2+ 52. Kh3 Qf2 53. Qd1 Kf8 54. d6 Ke8 55. Qa4+ Kd8 56. Qf4 Qc5 57. Qf6+ Kc8 58. Qe7 Qf5+ 59. Kg2 Qc2+ 60. Kf3 Qf5+ 61. Ke3 Qc5+ 62. Kf4 Qd4+ 63. Kf5 Qf2+ 64. Kg4 f5+ 65. Kh5 Qf3+ 66. Kh6 Qc6 67. Kg6 1-0

[Event "Sivas op 1st"]
[Site "Sivas"]
[Date "2019.08.21"]
[Round "4"]
[White "Rahimli, Ilkin Alisaftar"]
[Black "Gasimov, Parviz"]
[Result "1/2-1/2"]
[WhiteElo "1992"]
[BlackElo "2342"]
[PlyCount "51"]
[EventDate "2019.08.19"]
[EventType "swiss"]
[EventRounds "9"]
[EventCountry "TUR"]
[SourceTitle "EXT 2020"]
[Source "ChessBase"]
[SourceDate "2019.10.17"]
[SourceVersion "1"]
[SourceVersionDate "2019.10.17"]
[SourceQuality "1"]

1. e4 c5 2. f4 d6 3. Nf3 Nf6 4. Bb5+ Bd7 5. Bxd7+ Qxd7 6. d3 Nc6 7. Nc3 g6 8. 0-0 Bg7 9. Kh1 0-0 10. Be3 b5 11. Bg1 Nh5 12. Qd2 b4 13. Nd1 f5 14. e5 dxe5 15. fxe5 Nxe5 16. Bxc5 a5 17. a3 bxa3 18. Rxa3 Qc7 19. Nxe5 Bxe5 20. Bg1 Bd6 21. Ra4 f4 22. Nc3 Qd7 23. Rc4 Qg4 24. Qe2 Qxe2 25. Nxe2 Rab8 26. b3 1/2-1/2

[Event "Kahramanmaras op 9th"]
[Site "Kahramanmaras"]
[Date "2018.04.04"]
[Round "2"]
[White "Bagirova, Khatun"]
[Black "Rahimli, Ilkin Alisaftar"]
[Result "0-1"]
[WhiteElo "1865"]
[BlackElo "2030"]
[PlyCount "99"]
[EventDate "2018.04.03"]
[EventType "swiss"]
[EventRounds "9"]
[EventCountry "TUR"]
[SourceTitle "CBM 183 Extra"]
[Source "ChessBase"]
[SourceDate "2018.04.19"]
[SourceVersion "1"]
[SourceVersionDate "2018.04.19"]
[SourceQuality "1"]

1. e4 c5 2. Nf3 d6 3. d4 cxd4 4. Nxd4 Nf6 5. Nc3 a6 6. a4 e5 7. Nb3 Be6 8. Be2 Nc6 9. 0-0 Be7 10. Be3 0-0 11. f4 Rc8 12. f5 Bxb3 13. cxb3 Nd4 14. Bf3 Qb6 15. a5 Qxb3 16. Bxd4 Qxd1 17. Nxd1 exd4 18. e5 dxe5 19. Bxb7 Rc2 20. Bxa6 e4 21. Rf2 d3 22. Rxc2 dxc2 23. Nc3 Bc5+ 24. Kf1 Be3 25. Na2 Ra8 26. Ke2 Bg5 27. h4 Bh6 28. g4 Nxg4 29. Nc1 Rxa6 30. b4 Rd6 31. a6 Rd2+ 32. Ke1 Rd1+ 33. Ke2 Rd2+ 34. Ke1 Rd8 35. Ke2 Ne5 36. a7 Ra8 37. b5 Nd3 38. b6 Nc5 39. Nb3 Nb7 40. Nd2 Kf8 41. Rc1 Bxd2 42. Kxd2 Rd8+ 43. Kxc2 Ke7 44. Re1 Rc8+ 45. Kb2 Kd6 46. Rc1 Ra8 47. Rc7 e3 48. Kc2 Na5 49. b7 Rxa7 50. b8Q 0-1

[Event "Cubuk op 3rd"]
[Site "Cubuk"]
[Date "2017.08.20"]
[Round "3"]
[White "Bashirli, Nail Qoshqar"]
[Black "Rahimli, Ilkin Alisaftar"]
[Result "1-0"]
[WhiteElo "2345"]
[BlackElo "1988"]
[PlyCount "117"]
[EventDate "2017.08.19"]
[EventType "swiss"]
[EventRounds "9"]
[EventCountry "TUR"]
[SourceTitle "CBM 180 Extra"]
[Source "ChessBase"]
[SourceDate "2017.10.06"]
[SourceVersion "1"]
[SourceVersionDate "2017.10.06"]
[SourceQuality "1"]

1. e4 c5 2. Nf3 d6 3. Nc3 a6 4. d4 cxd4 5. Nxd4 Nf6 6. Be2 e5 7. Nb3 Be7 8. 0-0 0-0 9. Qd3 Be6 10. Bd2 Qd7 11. Rfd1 Nc6 12. Nd5 Nxd5 13. exd5 Bf5 14. Qe3 Nd4 15. Nxd4 exd4 16. Qxd4 Bf6 17. Qb6 Bxc2 18. Rdc1 Qf5 19. Bc3 Bxc3 20. bxc3 Be4 21. c4 Qd7 22. Rc3 Rac8 23. Rb3 Rfe8 24. Bf1 Re7 25. Re1 Rce8 26. Ree3 h6 27. Rb2 Bf5 28. Qxb7 Qxb7 29. Rxb7 Rxb7 30. Rxe8+ Kh7 31. f3 Rb1 32. Kf2 Rb2+ 33. Re2 Rb4 34. Rd2 a5 35. Ke3 Kg6 36. Kd4 Kf6 37. Be2 a4 38. Bd1 a3 39. Bb3 Bb1 40. Kc3 Rb8 41. Rd1 Bf5 42. Re1 g5 43. Kd4 h5 44. Re3 Bb1 45. Kc3 Bf5 46. Re1 h4 47. Kd4 h3 48. gxh3 Rc8 49. Re3 Bxh3 50. Ba4 Bf1 51. Bb5 Ra8 52. Bc6 Rh8 53. c5 Rh4+ 54. Re4 dxc5+ 55. Kxc5 Rxh2 56. d6 Rxa2 57. d7 Rc2+ 58. Kd6 Rd2+ 59. Bd5 1-0

[Event "World School-ch U15 8th"]
[Site "Iasi"]
[Date "2012.04.30"]
[Round "3"]
[White "Rahimli, Ilkin Alisaftar"]
[Black "Bandara, KGMG"]
[Result "1-0"]
[WhiteElo "1844"]
[BlackElo "1575"]
[PlyCount "65"]
[EventDate "2012.04.28"]
[EventType "swiss"]
[EventRounds "9"]
[EventCountry "ROU"]
[SourceTitle "EXT 2013"]
[Source "ChessBase"]
[SourceDate "2012.11.22"]
[SourceVersion "1"]
[SourceVersionDate "2012.11.22"]
[SourceQuality "1"]

1. e4 c5 2. f4 Nc6 3. Nf3 d6 4. Bb5 Bd7 5. Bxc6 Bxc6 6. d3 g6 7. 0-0 Bg7 8. Nc3 Nf6 9. Qe1 0-0 10. Qh4 Qc8 11. h3 e6 12. g4 Qd8 13. f5 exf5 14. gxf5 Nh5 15. Bg5 Bf6 16. Qg4 Bxg5 17. Nxg5 Qd7 18. Nd5 Bxd5 19. exd5 Ng7 20. Nxh7 Qe7 21. fxg6 fxg6 22. Nxf8 Qe3+ 23. Kh1 Rxf8 24. Rxf8+ Kxf8 25. Qxg6 Qxh3+ 26. Kg1 Qe3+ 27. Kg2 Qe2+ 28. Kh1 Qxc2 29. Qf6+ Ke8 30. Re1+ Kd7 31. Re7+ Kc8 32. Qf8+ Ne8 33. Qxe8# 1-0

[Event "World School-ch U13 7th"]
[Site "Krakow"]
[Date "2011.05.06"]
[Round "7"]
[White "Saiyn, Zhanat"]
[Black "Rahimli, Ilkin Alisaftar"]
[Result "1-0"]
[WhiteElo "2087"]
[BlackElo "1874"]
[PlyCount "95"]
[EventDate "2011.04.30"]
[EventType "swiss"]
[EventRounds "9"]
[EventCountry "POL"]
[SourceTitle "CBM 142 Extra"]
[Source "ChessBase"]
[SourceDate "2011.06.27"]
[SourceVersion "1"]
[SourceVersionDate "2011.06.27"]
[SourceQuality "1"]

1. d4 d5 2. Nf3 Nf6 3. e3 Bf5 4. c4 e6 5. Nc3 c5 6. cxd5 exd5 7. dxc5 Bxc5 8. Qb3 Bb6 9. Bb5+ Nc6 10. 0-0 0-0 11. Na4 Na5 12. Qd1 Rc8 13. Nxb6 Qxb6 14. Be2 Rfd8 15. Nd4 Bg6 16. b3 Ne4 17. Bb2 Nc4 18. bxc4 Qxb2 19. Qb3 Qxb3 20. axb3 dxc4 21. Bxc4 Nd2 22. Rfc1 a6 23. f3 Nxc4 24. bxc4 Bd3 25. c5 Kf8 26. Kf2 Rc7 27. Nb3 Rdc8 28. Rc3 Bb5 29. Rcc1 Ke7 30. e4 Bd7 31. Rcb1 Bb5 32. Rd1 Bc4 33. Na5 Bb5 34. Rac1 Rxc5 35. Rxc5 Rxc5 36. Nxb7 Rc2+ 37. Kg3 h5 38. h4 g6 39. Nd6 Be2 40. Rd5 Bf1 41. e5 Rxg2+ 42. Kf4 Rh2 43. Nc8+ Kf8 44. Rd8+ Kg7 45. Nd6 Rxh4+ 46. Kg5 Rb4 47. Ne8+ Kf8 48. Nf6+ 1-0